[Event "23rd EUR-ch"]
[Site "Vrnjacka Banja SRB"]
[Date "2023.03.12"]
[Round "10.174"]
[White "Janjic, Stefan"]
[Black "Irizanin, Radoje"]
[Result "0-1"]
[WhiteElo "2115"]
[BlackElo "2288"]
[EventDate "2023.03.03"]
[PlyCount "136"]

1.d4 d5 2.c4 c6 3.Nc3 Nf6 4.e3 e6 5.Nf3 Nbd7 6.Qc2 Bd6 7.b3 O-O 8.Be2 e5 
9.cxd5 cxd5 10.Nb5 Bb4+ 11.Bd2 Bxd2+ 12.Nxd2 e4 13.Qc7 a6 14.Qxd8 Rxd8 15.
Nc3 b5 16.a4 b4 17.Na2 a5 18.O-O Bb7 19.Rac1 Rdc8 20.Bb5 Kf8 21.Rxc8+ Rxc8
22.Rc1 Ke7 23.Rxc8 Bxc8 24.Nc1 Nf8 25.h3 Ne6 26.Kh2 Nc7 27.Be2 Nfe8 28.f3 
Nd6 29.f4 Ne6 30.g4 g5 31.f5 Ng7 32.Nf1 h5 33.Kg2 Nge8 34.Ng3 Nf6 35.Kh2 
h4 36.Nf1 Nfe8 37.Kg2 Nc7 38.Nh2 Na8 39.Nf1 Nb6 40.Nd2 Bd7 41.Kf2 Kd8 42.
Bd1 Nbc8 43.Be2 Ne7 44.Kg2 Ng8 45.Kf2 Ke7 46.Kg2 Nf6 47.Nf1 Bc8 48.Nh2 Ng8
49.Nf1 Nf6 50.Nh2 Nd7 51.Nf1 Nb6 52.Nd2 Bd7 53.Kf2 Kd8 54.Ke1 Kc7 55.Bd1 
Nxf5 56.gxf5 Bxf5 57.Bg4 Bg6 58.Be2 Nd7 59.Nf1 f5 60.Nh2 Nf6 61.Kf2 Kd6 
62.Kg2 Bf7 63.Bb5 Be6 64.Ne2 Ke7 65.Ba6 Nh5 66.Ng1 f4 67.Nf1 Nf6 68.Kf2 f3
0-1

[Event "23rd EUR-ch"]
[Site "Vrnjacka Banja SRB"]
[Date "2023.03.12"]
[Round "10.175"]
[White "Kisic, Bozidar"]
[Black "Simonovic, Miroslav"]
[Result "1-0"]
[WhiteElo "2283"]
[BlackElo "2115"]
[EventDate "2023.03.03"]
[PlyCount "69"]

1.d4 c5 2.d5 b5 3.Nf3 Bb7 4.e4 Nf6 5.Bxb5 Nxe4 6.O-O Qb6 7.c4 Nd6 8.Be3 
Nxb5 9.cxb5 Qxb5 10.Nc3 Qa5 11.a3 c4 12.b4 Qa6 13.a4 Qg6 14.Ne5 Qf5 15.
Nxc4 e6 16.Nb5 Kd8 17.Ncd6 Bxd6 18.Nxd6 Qxd5 19.Nxf7+ Ke7 20.Qxd5 Bxd5 21.
Nxh8 Nc6 22.b5 Na5 23.Rfe1 Kf8 24.Rac1 Nc4 25.Bd4 Kg8 26.Rc3 a6 27.Rg3 e5 
28.Bxe5 Nxe5 29.Rxe5 Be6 30.b6 Rc8 31.Rge3 Kxh8 32.h4 Kg8 33.Ra5 Bc4 34.
Rc3 d5 35.Rxd5 1-0

[Event "23rd EUR-ch"]
[Site "Vrnjacka Banja SRB"]
[Date "2023.03.12"]
[Round "10.176"]
[White "Jandric, Damjan"]
[Black "Paszewski, Mateusz"]
[Result "0-1"]
[WhiteElo "2104"]
[BlackElo "2270"]
[EventDate "2023.03.03"]
[PlyCount "46"]

1.e4 c6 2.Nf3 d5 3.Nc3 Bg4 4.h3 Bxf3 5.Qxf3 e6 6.d3 Nd7 7.Bd2 Qb6 8.O-O-O 
d4 9.Ne2 a5 10.g4 a4 11.h4 a3 12.b3 Bb4 13.g5 Bxd2+ 14.Rxd2 Ne7 15.Bh3 c5 
16.Qg3 O-O-O 17.f4 Nc6 18.Rdd1 c4 19.dxc4 Nc5 20.Bg2 d3 21.Nc3 Nd4 22.Rd2 
Qb4 23.Nb5 Nxb5 0-1

[Event "23rd EUR-ch"]
[Site "Vrnjacka Banja SRB"]
[Date "2023.03.12"]
[Round "10.177"]
[White "Leskovac, Nikola"]
[Black "Khandelwal, Ankush"]
[Result "0-1"]
[WhiteElo "2103"]
[BlackElo "2255"]
[EventDate "2023.03.03"]
[PlyCount "74"]

1.e4 c5 2.Nf3 d6 3.d4 cxd4 4.Nxd4 Nf6 5.Nc3 a6 6.f3 e5 7.Nb3 Be7 8.Be3 Be6
9.Qd2 h5 10.Nd5 Nxd5 11.exd5 Bf5 12.Be2 a5 13.a4 Nd7 14.O-O O-O 15.f4 exf4
16.Bxf4 Rc8 17.Nd4 Bg6 18.c4 Nc5 19.Kh1 Bf6 20.Be3 Re8 21.Bf3 Bxd4 22.Bxd4
Nb3 23.Qc3 Nxa1 24.Rxa1 Qh4 25.Rf1 Be4 26.Bxg7 Bxf3 27.Qxf3 Kxg7 28.Qxf7+ 
Kh8 29.Qg6 Qe7 30.h3 Rg8 31.Qh6+ Qh7 32.Qxd6 Qg7 33.Rf2 Rxc4 34.b3 Rc3 35.
Re2 Rxh3+ 36.Kg1 Qa1+ 37.Kf2 Qd4+ 0-1

[Event "23rd EUR-ch"]
[Site "Vrnjacka Banja SRB"]
[Date "2023.03.12"]
[Round "10.179"]
[White "Ciric, Pavle"]
[Black "Eric, Jovana"]
[Result "1/2-1/2"]
[WhiteElo "2037"]
[BlackElo "2230"]
[EventDate "2023.03.03"]
[PlyCount "69"]

1.Nf3 Nf6 2.g3 d5 3.Bg2 c6 4.c4 g6 5.O-O Bg7 6.cxd5 cxd5 7.d4 O-O 8.Nc3 
Nc6 9.Ne5 e6 10.Nxc6 bxc6 11.Bf4 Nh5 12.Be3 Re8 13.Na4 e5 14.dxe5 Bxe5 15.
Bd4 Ba6 16.Bxe5 Rxe5 17.Re1 Qe7 18.Qd4 Ng7 19.e3 Re8 20.Red1 Bb5 21.Nc5 
Nf5 22.Qc3 Be2 23.Rd2 Bb5 24.h3 Nxe3 25.fxe3 Rxe3 26.Qd4 Rxg3 27.Rf2 Re3 
28.b4 Bc4 29.Qf6 Qc7 30.Qf4 Qe7 31.Bf1 Bxf1 32.Raxf1 f5 33.Rf3 Re2 34.R3f2
Re3 35.Rf3 1/2-1/2

[Event "23rd EUR-ch"]
[Site "Vrnjacka Banja SRB"]
[Date "2023.03.12"]
[Round "10.180"]
[White "Rabrenovic, Vladan"]
[Black "Horvat, Damjan"]
[Result "0-1"]
[WhiteElo "2223"]
[BlackElo "2095"]
[EventDate "2023.03.03"]
[PlyCount "78"]

1.d4 d5 2.Bf4 Nf6 3.e3 e6 4.Nd2 Bd6 5.Bg3 O-O 6.Bd3 c5 7.c3 Qc7 8.Bxd6 
Qxd6 9.f4 b6 10.Qe2 Bb7 11.Ngf3 Ne4 12.O-O Nd7 13.Ne5 cxd4 14.exd4 Ndf6 
15.Ndf3 Qe7 16.Ba6 Bxa6 17.Qxa6 Nd6 18.a4 Nfe4 19.Rfc1 f6 20.Nd3 Rfc8 21.
Rc2 Rc7 22.Nd2 Rac8 23.Nxe4 dxe4 24.Nb4 Nc4 25.Re1 f5 26.Qb5 h6 27.Rf2 Qd7
28.Qxd7 Rxd7 29.Na2 Kf7 30.b3 Na5 31.Rb2 Nc6 32.Rd2 g5 33.fxg5 hxg5 34.g4 
Ne5 35.Rf2 Nd3 36.Re3 Nxf2 37.Kxf2 a5 38.h3 Kf6 39.Ke2 Rh8 0-1

[Event "23rd EUR-ch"]
[Site "Vrnjacka Banja SRB"]
[Date "2023.03.12"]
[Round "10.181"]
[White "Pogorelsky, Sergei"]
[Black "Lauda, Alexandr"]
[Result "1-0"]
[WhiteElo "2203"]
[BlackElo "2084"]
[EventDate "2023.03.03"]
[PlyCount "69"]

1.e4 c5 2.Nf3 Nc6 3.d4 cxd4 4.Nxd4 e5 5.Nb5 d6 6.N1c3 a6 7.Na3 b5 8.Nd5 
Nf6 9.Bg5 Be7 10.Bxf6 Bxf6 11.c4 Nd4 12.cxb5 Be6 13.Nc3 O-O 14.Bd3 Qa5 15.
O-O Rfb8 16.Nc4 Qc7 17.b6 Qc6 18.b3 Bd8 19.Na4 Bxc4 20.Bxc4 Qxe4 21.Re1 
Qc6 22.Rc1 d5 23.Rxe5 Bf6 24.Rxd5 Ne6 25.Rd6 Qe8 26.Bxe6 fxe6 27.Rcc6 Rd8 
28.Rxd8 Rxd8 29.Rd6 Rb8 30.g3 Be5 31.Rd7 Qf8 32.b7 Qf5 33.Nc5 Rf8 34.Qe2 
Kh8 35.Nxa6 1-0

[Event "23rd EUR-ch"]
[Site "Vrnjacka Banja SRB"]
[Date "2023.03.12"]
[Round "10.182"]
[White "Tregubenko, Nikolai"]
[Black "Glienke, Manfred"]
[Result "1/2-1/2"]
[WhiteElo "2022"]
[BlackElo "2201"]
[EventDate "2023.03.03"]
[PlyCount "88"]

1.e4 d6 2.d4 Nf6 3.Nc3 e5 4.Nge2 Nc6 5.d5 Ne7 6.f3 c6 7.Ng3 h5 8.h4 Ng6 9.
Be3 Be7 10.Qd2 c5 11.Bb5+ Kf8 12.Nf5 a6 13.Be2 b5 14.Nxe7 Nxe7 15.Nd1 Bd7 
16.Nf2 Ng6 17.Bg5 Qb6 18.g3 c4 19.Be3 Qc7 20.f4 Rc8 21.f5 Ne7 22.c3 Rb8 
23.g4 hxg4 24.Bxg4 Neg8 25.Bf3 a5 26.h5 Be8 27.h6 g6 28.fxg6 fxg6 29.Ke2 
Rb7 30.Raf1 Qb8 31.Bg4 b4 32.Nd1 Bf7 33.Bf3 Rh7 34.Bg5 Be8 35.Bg2 Rbf7 36.
Bxf6 Nxf6 37.Bf3 Ba4 38.Rhg1 Bxd1+ 39.Rxd1 bxc3 40.bxc3 Rb7 41.Qg5 Rhf7 
42.Rd2 Rb2 43.Rd1 Rxd2+ 44.Rxd2 Nh5 1/2-1/2

[Event "23rd EUR-ch"]
[Site "Vrnjacka Banja SRB"]
[Date "2023.03.12"]
[Round "10.183"]
[White "Grozdanovic, Anastasia"]
[Black "Valiev, Shahin"]
[Result "0-1"]
[WhiteElo "2050"]
[BlackElo "2201"]
[EventDate "2023.03.03"]
[PlyCount "82"]

1.d4 d5 2.c4 e6 3.Nc3 Be7 4.Nf3 Nf6 5.Bg5 h6 6.Bh4 O-O 7.e3 b6 8.Bxf6 Bxf6
9.Qb3 Bb7 10.cxd5 exd5 11.Rd1 Re8 12.Be2 c6 13.O-O Nd7 14.h3 Nf8 15.Nh2 
Be7 16.e4 Ne6 17.exd5 cxd5 18.Bf3 Nc7 19.Rfe1 Qd6 20.Ng4 Rad8 21.Ne3 Bg5 
22.Nf5 Qf6 23.Rxe8+ Rxe8 24.Ng3 Qe6 25.a4 a5 26.Nge2 Rd8 27.Nb5 Na6 28.Rd3
Nb4 29.Rc3 Bc6 30.Qd1 Qd7 31.Bg4 f5 32.Bh5 Rf8 33.b3 Bxb5 34.axb5 Kh7 35.
Bf3 Qxb5 36.Rc7 Qe8 37.Rb7 Qe6 38.Ra7 Qc8 39.h4 Bxh4 40.Nf4 Nc6 41.Nxd5 
Nxa7 0-1

[Event "23rd EUR-ch"]
[Site "Vrnjacka Banja SRB"]
[Date "2023.03.12"]
[Round "10.184"]
[White "Bjelanovic, Mile"]
[Black "Krstic, Milos"]
[Result "0-1"]
[WhiteElo "2017"]
[BlackElo "2198"]
[EventDate "2023.03.03"]
[PlyCount "90"]

1.e4 c6 2.d4 d5 3.Nd2 dxe4 4.Nxe4 Bf5 5.Nc5 e5 6.Nxb7 Qb6 7.Nc5 exd4 8.Nb3
Bb4+ 9.Bd2 Nd7 10.Nf3 c5 11.Bc4 Ne7 12.O-O O-O 13.Bg5 Ng6 14.a3 Ba5 15.
Nxa5 Qxa5 16.Bd3 Bg4 17.Be4 Rab8 18.b4 Qc7 19.h3 Bxf3 20.Bxf3 Nde5 21.bxc5
Nxf3+ 22.Qxf3 Qxc5 23.Bf4 Rb2 24.Bd2 a5 25.Rfc1 Re8 26.Qd3 Ne5 27.Qa6 Nc4 
28.Be1 h6 29.Kh1 Nxa3 30.Bxa5 Rxc2 31.Bd2 Rxc1+ 32.Rxc1 Nc2 33.Qa4 Rc8 34.
Rxc2 Qxc2 35.Qxd4 Qc5 36.Qg4 Rc6 37.Be3 Qd5 38.Kh2 Rg6 39.Qc8+ Kh7 40.g3 
Qf3 41.Qc2 f5 42.Qc7 Qe4 43.Qa7 Rd6 44.Qa1 Rd3 45.Qa2 Rd1 0-1

[Event "23rd EUR-ch"]
[Site "Vrnjacka Banja SRB"]
[Date "2023.03.12"]
[Round "10.185"]
[White "Cuzovic, Ognjen"]
[Black "Lorenz, Roger"]
[Result "0-1"]
[WhiteElo "2009"]
[BlackElo "2180"]
[EventDate "2023.03.03"]
[PlyCount "72"]

1.d4 Nf6 2.c4 g6 3.Nc3 d5 4.cxd5 Nxd5 5.e4 Nxc3 6.bxc3 Bg7 7.Nf3 c5 8.Be3 
Qa5 9.Qd2 Nc6 10.Rc1 cxd4 11.cxd4 Qxd2+ 12.Kxd2 O-O 13.Bb5 f5 14.d5 fxe4 
15.Ng5 Rd8 16.Ke2 Ne5 17.Nxe4 Bf5 18.Nc3 a6 19.Ba4 Nd3 20.Rc2 Nxf2 21.Bxf2
Bxc2 22.Bxc2 Bxc3 23.Bb3 Kg7 24.Kd3 Bf6 25.Ke4 b5 26.g4 h6 27.h4 a5 28.Be3
g5 29.hxg5 hxg5 30.Rh5 Rh8 31.Bxg5 Rxh5 32.Bxf6+ Kxf6 33.gxh5 Rc8 34.Bd1 
Rc4+ 35.Ke3 Rh4 36.Be2 b4 0-1

[Event "23rd EUR-ch"]
[Site "Vrnjacka Banja SRB"]
[Date "2023.03.12"]
[Round "10.186"]
[White "Petrekanovic, Miroslav"]
[Black "Lazic, Emanuel"]
[Result "1/2-1/2"]
[WhiteElo "2179"]
[BlackElo "2041"]
[EventDate "2023.03.03"]
[PlyCount "79"]

1.e4 c5 2.Nf3 d6 3.b4 cxb4 4.d4 d5 5.exd5 Qxd5 6.c4 bxc3 7.Nxc3 Qd8 8.Bb5+
Bd7 9.Bxd7+ Nxd7 10.O-O e6 11.Rb1 Ngf6 12.Rxb7 Qc8 13.Rb3 Nb6 14.d5 Nfxd5 
15.Nxd5 Nxd5 16.Qd4 f6 17.Re1 Kf7 18.Qe4 Bc5 19.Ba3 Bxa3 20.Rxa3 Qd7 21.
Rb3 h6 22.Nh4 f5 23.Qe2 Rhe8 24.Qh5+ Kg8 25.Rg3 Kh7 26.Qg6+ Kh8 27.Qh5 Kh7
28.Qg6+ Kh8 29.Qh5 Nf6 30.Qf3 Ne4 31.Rg6 Rad8 32.h3 Qd2 33.Rf1 Kh7 34.Qh5 
Qf4 35.f3 Ng3 36.Rxg7+ Kxg7 37.Qg6+ Kf8 38.Qf6+ Kg8 39.Qg6+ Kf8 40.Qf6+ 
1/2-1/2

[Event "23rd EUR-ch"]
[Site "Vrnjacka Banja SRB"]
[Date "2023.03.12"]
[Round "10.187"]
[White "Biyiksiz, Ali Batuhan"]
[Black "Sahin, Ozgun"]
[Result "1/2-1/2"]
[WhiteElo "1994"]
[BlackElo "2177"]
[EventDate "2023.03.03"]
[PlyCount "43"]

1.d4 g6 2.c4 Bg7 3.Nc3 d6 4.e4 Nd7 5.Nf3 e5 6.Bg5 f6 7.Be3 Ne7 8.Qd2 O-O 
9.dxe5 Nxe5 10.Nxe5 dxe5 11.Qxd8 Rxd8 12.Bc5 Bf8 13.Bxe7 Bxe7 14.Nd5 Bd6 
15.O-O-O Kg7 16.b4 c6 17.Ne3 Be6 18.c5 Be7 19.Bc4 Kf7 20.Rxd8 Rxd8 21.Rd1 
Rxd1+ 22.Kxd1 1/2-1/2

[Event "23rd EUR-ch"]
[Site "Vrnjacka Banja SRB"]
[Date "2023.03.12"]
[Round "10.188"]
[White "Martinkus, Rolandas"]
[Black "Zlatkov, Anton"]
[Result "0-1"]
[WhiteElo "1985"]
[BlackElo "2174"]
[EventDate "2023.03.03"]
[PlyCount "72"]

1.Nf3 Nf6 2.g3 g6 3.b3 Bg7 4.Bb2 O-O 5.Bg2 d6 6.d4 Nbd7 7.Nbd2 Re8 8.Nc4 
c6 9.O-O b5 10.Ne3 Bb7 11.Ne1 e5 12.c4 e4 13.d5 Nxd5 14.cxd5 Bxb2 15.Rb1 
Bg7 16.dxc6 Bxc6 17.N1c2 Nb6 18.Qd2 a5 19.Nd4 Bd7 20.Rbc1 Rc8 21.Rfd1 Rxc1
22.Qxc1 d5 23.Qa3 Qa8 24.Qd6 Qb7 25.Qf4 h5 26.Nec2 Qb8 27.Qd2 b4 28.Bf1 
Qc7 29.a3 bxa3 30.Nxa3 Qc5 31.Nac2 Rc8 32.Ra1 a4 33.b4 Qc3 34.Qd1 Nc4 35.
e3 Nb2 36.Qb1 Nd3 0-1

[Event "23rd EUR-ch"]
[Site "Vrnjacka Banja SRB"]
[Date "2023.03.12"]
[Round "10.190"]
[White "Noy, Eyal"]
[Black "Peric, Slavisa"]
[Result "1-0"]
[WhiteElo "2161"]
[BlackElo "1980"]
[EventDate "2023.03.03"]
[PlyCount "91"]

1.d4 e6 2.c4 Bb4+ 3.Bd2 Bxd2+ 4.Qxd2 d5 5.Nc3 Nf6 6.e3 c6 7.Bd3 O-O 8.cxd5
exd5 9.Nge2 Re8 10.O-O Nbd7 11.Ng3 Nf8 12.f3 g6 13.Rac1 h5 14.Nge2 Ne6 15.
e4 dxe4 16.fxe4 Nxd4 17.Qf4 Nxe2+ 18.Bxe2 Qd4+ 19.Rf2 Re6 20.Rd1 Qb4 21.a3
Qf8 22.Bc4 Ng4 23.Bxe6 Bxe6 24.Rfd2 Qc5+ 25.Kh1 g5 26.Qf3 Kg7 27.h3 Rh8 
28.Na4 Qe5 29.Qc3 Qxc3 30.Nxc3 Ne5 31.Rd8 Rh6 32.Ra8 g4 33.hxg4 hxg4+ 34.
Kg1 g3 35.Rdd8 f6 36.Rxa7 Ng4 37.Rxb7+ Kg6 38.Ne2 Bc4 39.Nxg3 Kg5 40.Rg7+ 
Kf4 41.Rxg4+ Kxg4 42.Nf5 Rh5 43.Ne3+ Kf4 44.Nxc4 Kxe4 45.Nd2+ Kf4 46.Rd6 
1-0

[Event "23rd EUR-ch"]
[Site "Vrnjacka Banja SRB"]
[Date "2023.03.12"]
[Round "10.191"]
[White "Antonioudakis, Georgios"]
[Black "Manko, Mariia"]
[Result "0-1"]
[WhiteElo "1953"]
[BlackElo "2159"]
[EventDate "2023.03.03"]
[PlyCount "82"]

1.e4 c5 2.Nf3 Nc6 3.d4 cxd4 4.Nxd4 Nf6 5.Nc3 e5 6.Ndb5 d6 7.Bg5 a6 8.Na3 
b5 9.Nab1 Be7 10.Bxf6 Bxf6 11.a4 b4 12.Nd5 O-O 13.Bc4 Bg5 14.O-O a5 15.Qd3
Kh8 16.c3 f5 17.Bb5 Ne7 18.cxb4 fxe4 19.Qd1 axb4 20.Nxb4 Bb7 21.Qg4 Bh6 
22.Nc3 d5 23.Rad1 d4 24.Qe6 Ng6 25.Ncd5 Qg5 26.Qh3 Nf4 27.Nxf4 Qxf4 28.Ra1
Rf6 29.a5 Raf8 30.a6 Ba8 31.Rad1 Rb8 32.Qd7 Rf7 33.Qe6 Qf6 34.Qc4 Rff8 35.
a7 Rbc8 36.Qb3 Qb6 37.Qa4 Rc5 38.Ba6 Ra5 39.Qd7 Qxb4 40.Ra1 Rxa1 41.Rxa1 
Qxb2 0-1

[Event "23rd EUR-ch"]
[Site "Vrnjacka Banja SRB"]
[Date "2023.03.12"]
[Round "10.192"]
[White "Gramb, Marius"]
[Black "Arsenie, Cristian Marc"]
[Result "1-0"]
[WhiteElo "2159"]
[BlackElo "1971"]
[EventDate "2023.03.03"]
[PlyCount "69"]

1.e4 c5 2.c3 Nf6 3.e5 Nd5 4.Nf3 Nc6 5.Bc4 Nb6 6.Bb3 d5 7.exd6 Qxd6 8.O-O 
c4 9.Bc2 Bg4 10.Re1 Ne5 11.Rxe5 Bxf3 12.Qe1 Bc6 13.b3 g6 14.Na3 Bg7 15.Re2
cxb3 16.axb3 O-O 17.Nc4 Nxc4 18.bxc4 e5 19.Ba3 Qe6 20.Bxf8 Kxf8 21.f4 Qxc4
22.fxe5 Re8 23.d4 f6 24.e6 Bd5 25.e7+ Kf7 26.Rxa7 f5 27.Ra3 Bf6 28.Bb3 Qc6
29.Qb1 Kg7 30.Bxd5 Qxd5 31.Rb3 f4 32.Rxb7 f3 33.Rf2 fxg2 34.Rxg2 Qf3 35.
Rc7 1-0

[Event "23rd EUR-ch"]
[Site "Vrnjacka Banja SRB"]
[Date "2023.03.12"]
[Round "10.193"]
[White "Gikas, Andreas Basilius"]
[Black "Dakic, Marta"]
[Result "0-1"]
[WhiteElo "2157"]
[BlackElo "1867"]
[EventDate "2023.03.03"]
[PlyCount "104"]

1.e4 e5 2.Nf3 Nc6 3.Nc3 Nf6 4.Bb5 Nd4 5.Ba4 Bc5 6.Nxe5 O-O 7.Nd3 Bb6 8.e5 
Ne8 9.Nd5 c6 10.Ne3 f6 11.c3 Ne6 12.O-O fxe5 13.Nxe5 d6 14.Nf3 Nf4 15.d4 
Qf6 16.Ne1 d5 17.Nd3 Bc7 18.Nxf4 Qxf4 19.g3 Qf6 20.Bc2 Qe6 21.Qh5 Nf6 22.
Qh4 Ne4 23.f3 Bd8 24.Qh5 Nf6 25.Qe5 Qf7 26.Bd2 Bh3 27.Rf2 Bc7 28.Qg5 Ne4 
29.Bxe4 dxe4 30.Qh4 Be6 31.Qxe4 Bxa2 32.Qd3 Be6 33.Re1 a5 34.f4 Qd7 35.Nc4
a4 36.Rfe2 Bg4 37.Re3 b5 38.Ne5 Bxe5 39.Rxe5 a3 40.bxa3 Rxa3 41.Re7 Qd6 
42.Qe4 Ra2 43.Bc1 Qh6 44.h4 Bf5 45.Qf3 Qg6 46.d5 Bg4 47.Qe3 Qc2 48.Bd2 
Qxd2 49.Qxd2 Rxd2 50.dxc6 Rd3 51.Kf2 Rf3+ 52.Kg2 Rxc3 0-1

[Event "23rd EUR-ch"]
[Site "Vrnjacka Banja SRB"]
[Date "2023.03.12"]
[Round "10.194"]
[White "Srdanovic, Jovana"]
[Black "Kochavi, Dana"]
[Result "1-0"]
[WhiteElo "2146"]
[BlackElo "1929"]
[EventDate "2023.03.03"]
[PlyCount "59"]

1.d4 Nf6 2.c4 e6 3.Nf3 b6 4.a3 Bb7 5.Nc3 d5 6.Bg5 Be7 7.e3 h6 8.Bh4 O-O 9.
Rc1 a6 10.cxd5 Nxd5 11.Bxe7 Qxe7 12.Bd3 Nc6 13.Nxd5 exd5 14.b4 f5 15.O-O 
b5 16.Rc5 Rad8 17.Qc2 Qf6 18.Rc1 Rd6 19.Qc3 Qe7 20.Ne5 Nxe5 21.dxe5 Rd7 
22.Rxc7 d4 23.Rxd7 Qxd7 24.Qxd4 Qxd4 25.exd4 Rd8 26.Bxf5 Rxd4 27.f3 Bd5 
28.Rc8+ Kf7 29.Rc7+ Kf8 30.Rd7 1-0

[Event "23rd EUR-ch"]
[Site "Vrnjacka Banja SRB"]
[Date "2023.03.12"]
[Round "10.195"]
[White "Sitbon, Itay"]
[Black "Mandryka, Vladislav"]
[Result "1-0"]
[WhiteElo "2144"]
[BlackElo "1465"]
[EventDate "2023.03.03"]
[PlyCount "107"]

1.d4 Nf6 2.c4 e6 3.Nf3 d5 4.g3 Bb4+ 5.Bd2 Be7 6.Bg2 O-O 7.O-O c6 8.Qc2 
Nbd7 9.Bf4 b6 10.Nc3 Bb7 11.e4 dxc4 12.a4 a5 13.Rfd1 Rc8 14.Qe2 Qe8 15.
Qxc4 h6 16.Qe2 Nb8 17.h4 Na6 18.Nh2 Kh7 19.Bh3 Nb4 20.Qd2 Ba6 21.Be3 Bd3 
22.Bg2 Nd7 23.Na2 Ba6 24.Nc3 f5 25.exf5 exf5 26.Nf3 Qf7 27.Ne2 Nd5 28.Nf4 
Bb4 29.Qc2 Bd6 30.Qd2 Bb4 31.Qc1 Bd6 32.Nh3 Qf6 33.Bf4 Rfe8 34.Bxd6 Qxd6 
35.Qc2 Qg6 36.Re1 Kh8 37.Ne5 Nxe5 38.dxe5 Nb4 39.Qc3 Nd3 40.Re3 Nc5 41.Nf4
Qf7 42.Bf3 Qc4 43.Bh5 Qxc3 44.bxc3 g5 45.hxg5 hxg5 46.Nh3 Rg8 47.e6 f4 48.
Re5 fxg3 49.e7 gxf2+ 50.Nxf2 Rce8 51.Rd1 Kg7 52.Rd6 Rh8 53.Rxg5+ Kh7 54.
Ng4 1-0

[Event "23rd EUR-ch"]
[Site "Vrnjacka Banja SRB"]
[Date "2023.03.12"]
[Round "10.196"]
[White "Petrovic, Dragan R."]
[Black "Shadyev, Damir"]
[Result "1/2-1/2"]
[WhiteElo "2141"]
[BlackElo "1712"]
[EventDate "2023.03.03"]
[PlyCount "30"]

1.c4 Nf6 2.g3 g6 3.Bg2 Bg7 4.Nc3 O-O 5.e4 d6 6.Nge2 c5 7.O-O Nc6 8.d3 a6 
9.h3 Rb8 10.Rb1 b5 11.Be3 b4 12.Nd5 Nxd5 13.exd5 Nd4 14.Nxd4 cxd4 15.Bd2 
a5 1/2-1/2

[Event "23rd EUR-ch"]
[Site "Vrnjacka Banja SRB"]
[Date "2023.03.12"]
[Round "10.197"]
[White "Alfirevic, Duje"]
[Black "Farkas, Tibor"]
[Result "1/2-1/2"]
[WhiteElo "1924"]
[BlackElo "2247"]
[EventDate "2023.03.03"]
[PlyCount "22"]

1.e4 c5 2.Nf3 d6 3.Bb5+ Nd7 4.a4 Nf6 5.Nc3 e6 6.O-O Be7 7.a5 O-O 8.Re1 Ne5
9.Nxe5 dxe5 10.d3 Bd7 11.Bxd7 Nxd7 1/2-1/2

[Event "23rd EUR-ch"]
[Site "Vrnjacka Banja SRB"]
[Date "2023.03.12"]
[Round "10.198"]
[White "Gusev, Mikhail"]
[Black "Aleksic, Milan"]
[Result "0-1"]
[WhiteElo "2039"]
[BlackElo "2202"]
[EventDate "2023.03.03"]
[PlyCount "62"]

1.e4 c5 2.Nf3 Nc6 3.d4 cxd4 4.Nxd4 Nf6 5.Nc3 d6 6.Bg5 e6 7.Qd2 a6 8.O-O-O 
h6 9.Bh4 Nxe4 10.Qf4 Ng5 11.Nxc6 bxc6 12.Ne4 d5 13.Bxg5 hxg5 14.Nxg5 Qf6 
15.Qg3 e5 16.Kb1 Bd6 17.h4 Rb8 18.c3 e4 19.Qe3 O-O 20.Be2 a5 21.g3 a4 22.
Rc1 Bf5 23.Rhd1 Rb7 24.Ba6 Rbb8 25.Rd2 Be5 26.Ka1 Rfd8 27.f4 d4 28.cxd4 
Bxd4 29.Qa3 e3 30.Rh2 Bxb2+ 31.Rxb2 Rd2 0-1

[Event "23rd EUR-ch"]
[Site "Vrnjacka Banja SRB"]
[Date "2023.03.12"]
[Round "10.199"]
[White "Kostic, Milutin B."]
[Black "Bashirov, Kemal"]
[Result "1/2-1/2"]
[WhiteElo "2049"]
[BlackElo "2188"]
[EventDate "2023.03.03"]
[PlyCount "82"]

1.d4 Nf6 2.Nf3 e6 3.c4 b6 4.g3 Ba6 5.b3 Bb4+ 6.Bd2 Be7 7.Bg2 O-O 8.O-O d5 
9.Ne5 c5 10.cxd5 exd5 11.dxc5 bxc5 12.Nc3 Bb7 13.Rc1 h6 14.Na4 Na6 15.Be3 
Rc8 16.Nd3 Qa5 17.Qe1 Qb5 18.Bh3 d4 19.Bf4 Rcd8 20.Bg2 Bxg2 21.Kxg2 Nd5 
22.Bd2 Rfe8 23.Qd1 Bd6 24.Re1 h5 25.Qc2 Rc8 26.Qc4 Qb7 27.Kg1 h4 28.b4 
hxg3 29.hxg3 Ndxb4 30.Rb1 Qd5 31.Nab2 Qxc4 32.Nxc4 Bf8 33.a3 Nc6 34.Bf4 
Nab8 35.Rb7 Re7 36.Reb1 Na6 37.Kf1 f6 38.a4 Rce8 39.R1b2 Rxb7 40.Rxb7 Re7 
41.Rb5 Rd7 1/2-1/2

[Event "23rd EUR-ch"]
[Site "Vrnjacka Banja SRB"]
[Date "2023.03.12"]
[Round "10.200"]
[White "Onslow, Alfie"]
[Black "Pousada Garcia, Daniel"]
[Result "1-0"]
[WhiteElo "2174"]
[BlackElo "2050"]
[EventDate "2023.03.03"]
[PlyCount "57"]

1.e4 c5 2.Nf3 e6 3.g3 d5 4.exd5 exd5 5.d4 Nc6 6.Bg2 Bg4 7.O-O Nxd4 8.Qe1+ 
Ne6 9.Ne5 h5 10.c4 Ne7 11.cxd5 Nxd5 12.Qe4 Ne7 13.Qa4+ Nc6 14.Nxc6 Qd7 15.
Nc3 Bd6 16.Na5 Qxa4 17.Nxa4 O-O 18.Nxb7 Be7 19.Nc3 Bf6 20.Nd5 Bd4 21.Re1 
Rab8 22.Na5 Bxb2 23.Bxb2 Rxb2 24.Nc4 Rbb8 25.h3 Nd4 26.hxg4 Nc2 27.Ne7+ 
Kh8 28.Re5 g6 29.Rc1 1-0

[Event "23rd EUR-ch"]
[Site "Vrnjacka Banja SRB"]
[Date "2023.03.12"]
[Round "10.201"]
[White "Safar, Sandro"]
[Black "Oliinyk, Serafim"]
[Result "1-0"]
[WhiteElo "2173"]
[BlackElo "2042"]
[EventDate "2023.03.03"]
[PlyCount "77"]

1.e4 e5 2.Nf3 Nc6 3.d4 exd4 4.Nxd4 Nf6 5.Nxc6 bxc6 6.e5 Qe7 7.Qe2 Nd5 8.h4
Qe6 9.c4 Nb6 10.b3 d6 11.exd6 cxd6 12.Bb2 Qxe2+ 13.Bxe2 Be6 14.Bf3 d5 15.
O-O Be7 16.Bxg7 Rg8 17.Bd4 Bxh4 18.Nc3 O-O-O 19.cxd5 Nxd5 20.Nxd5 Bxd5 21.
Bxd5 Rxd5 22.Bxa7 Bf6 23.Rac1 Kb7 24.Be3 Rgd8 25.Rc4 Bd4 26.Bxd4 Rxd4 27.
Rfc1 Rd1+ 28.Rxd1 Rxd1+ 29.Kh2 Rd2 30.Rf4 Rxa2 31.Rxf7+ Kb6 32.Kg3 Rb2 33.
Rf3 Kc5 34.Rd3 h5 35.f4 h4+ 36.Kxh4 Rxg2 37.f5 Kb4 38.Kh5 c5 39.Rf3 1-0

[Event "23rd EUR-ch"]
[Site "Vrnjacka Banja SRB"]
[Date "2023.03.12"]
[Round "10.202"]
[White "Kotyk, Michael"]
[Black "Stoinev, Metodi"]
[Result "0-1"]
[WhiteElo "2018"]
[BlackElo "2159"]
[EventDate "2023.03.03"]
[PlyCount "70"]

1.d4 d5 2.c4 e6 3.Nc3 Nf6 4.cxd5 exd5 5.Bg5 c6 6.e3 h6 7.Bh4 Be7 8.Bd3 O-O
9.Qc2 Ne8 10.Bxe7 Qxe7 11.Nf3 Nd6 12.O-O Re8 13.Rae1 Be6 14.e4 dxe4 15.
Nxe4 Nxe4 16.Rxe4 Nd7 17.Rfe1 Nf6 18.Re5 Qb4 19.a3 Qb6 20.a4 a5 21.Qe2 Qb4
22.Bc2 Kf8 23.Qd3 Bd5 24.Nd2 Red8 25.Qc3 Be6 26.Nf3 Bg4 27.Bb3 Rd7 28.Nd2 
Qxd4 29.Nc4 Qxc3 30.bxc3 Nd5 31.Nxa5 f6 32.R5e4 Bf5 33.Rd4 Rxa5 34.g4 Nxc3
35.Rc4 Ne2+ 0-1

[Event "23rd EUR-ch"]
[Site "Vrnjacka Banja SRB"]
[Date "2023.03.12"]
[Round "10.203"]
[White "Nilssen, Ellen Fredericia"]
[Black "Pantovic, Dragan M."]
[Result "1/2-1/2"]
[WhiteElo "2144"]
[BlackElo "2038"]
[EventDate "2023.03.03"]
[PlyCount "53"]

1.d4 f5 2.c4 Nf6 3.Nc3 d6 4.Nf3 g6 5.g3 Bg7 6.Bg2 O-O 7.O-O c6 8.Re1 Nh5 
9.e4 f4 10.Qd3 e5 11.dxe5 dxe5 12.Qxd8 Rxd8 13.b3 Na6 14.Ba3 Bg4 15.Red1 
Nc7 16.Be7 Re8 17.Bd6 Ne6 18.Ne2 Rad8 19.Kf1 Nd4 20.Nexd4 Rxd6 21.Ne2 Red8
22.Ke1 Bf6 23.Rxd6 Rxd6 24.Rd1 Rxd1+ 25.Kxd1 fxg3 26.hxg3 Ng7 27.Kd2 
1/2-1/2

[Event "23rd EUR-ch"]
[Site "Vrnjacka Banja SRB"]
[Date "2023.03.12"]
[Round "10.204"]
[White "Nikolaidis, Konstantinos"]
[Black "Garifulin, Yury"]
[Result "0-1"]
[WhiteElo "2133"]
[BlackElo "1975"]
[EventDate "2023.03.03"]
[PlyCount "73"]

1.d4 d5 2.c4 c6 3.Nc3 Nf6 4.e3 e6 5.Bd3 Nbd7 6.Nf3 Bd6 7.O-O O-O 8.e4 dxe4
9.Nxe4 Nxe4 10.Bxe4 h6 11.Bc2 Nf6 12.Qe2 c5 13.dxc5 Bxc5 14.Bf4 b6 15.Rad1
Qe7 16.Ne5 Bb7 17.Nd3 Bd4 18.Be5 Rfd8 19.Nf4 Qc5 20.Rxd4 Rxd4 21.Bxd4 Qxd4
22.g3 e5 23.Ng2 Qc5 24.Ne3 Rd8 25.Rd1 Rxd1+ 26.Qxd1 g6 27.Qd8+ Kg7 28.Bd1 
Qb4 29.Kf1 Qxb2 30.Qc7 Ba6 31.Qxa7 Ne4 32.Be2 Nd2+ 33.Kg2 Bc8 34.Qc7 Ne4 
35.Nd1 Qxe2 36.Qxe5+ Kh7 37.Qd4 0-1